Normal view
MARC view
Entry Topical Term
001 - CONTROL NUMBER
- control field: 34696
003 - CONTROL NUMBER IDENTIFIER
- control field: dpl
005 - DATE AND TIME OF LATEST TRANSACTION
- control field: 20110913110509.0
008 - FIXED-LENGTH DATA ELEMENTS
- fixed length control field: 110913|||a|||||| | ||| d
040 ## - CATALOGING SOURCE
- Original cataloging agency: dpl
- Transcribing agency: dpl
150 ## - HEADING--TOPICAL TERM
- Topical term or geographic name as entry element: Capital movements
670 ## - SOURCE DATA FOUND
- Source citation: Work cat.: (dpl): India policy forum 2010/11 /, 2011
670 ## - SOURCE DATA FOUND
- Source citation: Work cat.: (dpl): India policy forum 2010/11 /, 2011
